MARC

LEADER 00000nam a2200000Ia 4500
001 23986
008 160829s2011 xx 000 0 cat d
080 |a CD-1-224 
245 |a Cuina sense pares 
260 |a [Barcelona] :  |b Diputació de Barcelona. Àrea de Salut Pública i Consum,  |c 2011 
300 |a 1 disc òptic (CD) ;  |c 21 cm 
590 |a A la carátula : Tenim la recepta per mantenir l'equilibri! 
650 |a Cuina  |9 38788 
710 |a Barcelona (Catalunya : Província).  |b Àrea de Salut Pública i Consum  |9 7348 
901 |a Arxiu 
942 |n 1 
952 |0 0  |1 0  |4 0  |6 CD1224  |7 1  |9 55457  |a Arxiu  |b Arxiu  |d 2016-12-01  |l 0  |o CD-1-224  |p 23986  |r 2016-12-01 00:00:00  |w 2016-12-01  |y ARXIU 
999 |c 59330  |d 59330